|
|
|
|
| LEADER |
00000cam a2200000 7i4500 |
| 001 |
0000005531 |
| 005 |
20151222.0 |
| 008 |
070807 |
| 020 |
|
|
|a 9831438507 (set)
|
| 020 |
|
|
|a 9831438558
|
| 090 |
0 |
0 |
|a JF
|b REG MAL (7015)
|
| 100 |
0 |
|
|a Nur Hidayah
|
| 245 |
1 |
0 |
|a Nabi Yunus :
|b ditelan ikan nun
|c Nur Hidayah
|
| 260 |
|
|
|a Selangor ,
|c Mega Setia Emas ,
|c 2006
|
| 440 |
|
|
|a Koleksi kisah daripada Al-Quran
|
| 500 |
|
|
|a Children ages 7-9 years old (orange)
|
| 650 |
|
0 |
|a Junior fiction
|x Malay
|x Languages
|
| 650 |
|
0 |
|a Religion
|
| 999 |
|
|
|a 0000980855
|b Book
|c Children Collection
|e Perbadanan Perpustakaan Awam Johor
|
| 999 |
|
|
|a 0000980856
|b Book
|c Children Collection
|e Perbadanan Perpustakaan Awam Johor
|
| 999 |
|
|
|a 0000980857
|b Book
|c Children Collection
|e Perbadanan Perpustakaan Awam Johor
|
| 999 |
|
|
|a 0000980858
|b Book
|c Children Collection
|e Perbadanan Perpustakaan Awam Johor
|
| 999 |
|
|
|a 0000980859
|b Book
|c Children Collection
|e Perbadanan Perpustakaan Awam Johor
|
| 999 |
|
|
|a 0000983633
|b Book
|c Children Collection
|e Cawangan Taman Universiti
|
| 999 |
|
|
|a 0000983634
|b Book
|c Children Collection
|e Cawangan Bukit Gambir
|
| 999 |
|
|
|a 0000983635
|b Book
|c Children Collection
|e Cawangan Tangkak
|
| 999 |
|
|
|a 0000983636
|b Book
|c Children Collection
|e Cawangan Bukit Gambir
|